000 00605cam a2200205 a 4500
005 20260322212025.0
008 data
010 _a 96071741
040 _aDLC
_cDLC
_dDLC
043 _ae-ru---
050 0 0 _aDK601.2
_b.F87 1997
092 _a947.31 F87 1997
100 1 _aFurmanek, Rick.
245 1 0 _aStranded in Moscow :
_ban American's story of life in the new Russia /
_cRick Furmanek.
260 _aGilbert, Ariz. :
_bSquare Peg Press,
_cc1997.
300 _a286 p. ;
_c24 cm.
600 1 0 _aFurmanek, Rick
_xTravel
_zMoscow.
_zMoscow.
651 0 _aMoscow (Russia)
_xDescription and travel.
001 data
999 _c564
_d564